| 000 | 00475nam a22002057a 4500 | ||
|---|---|---|---|
| 003 | bpm | ||
| 005 | 20260415094509.0 | ||
| 008 | 260415b |||||||| |||| 00| j spa d | ||
| 022 | _a9506201765 | ||
| 024 | _aS. C. C. / M. C. y E. M.: | ||
| 040 | _aAR-CtUCP | ||
| 041 | _aspa | ||
| 080 | _aCDU | ||
| 100 | _aSaki | ||
| 245 | _aLas aventuras de Reginald | ||
| 260 |
_aBuenos Aires _bClaridad _c2006 |
||
| 650 | _aLiteratura - Cuento | ||
| 942 | _cLIB | ||
| 999 |
_c76639 _d76639 |
||